James Bond quiz - Statistics

General Stats
  • This quiz has been taken 48 times
  • The average score is 10 of 28
Answer Stats
Question Answer % Correct
In skyfall, Silva's main goal isn't to kill bond, rather who? M
94%
What 00 agent is killed in Octopussy? 009
72%
What is the name of Scaramanga's henchman Nick Nack
72%
In what movie was Blofeld's face first revealed? You Only Live Twice
67%
What does Bond give Dominic Greene to drink? A can of oil
50%
Where did Bond grow up in Scotland? Skyfall lodge
50%
Brad Whitaker and Georgi Koskov appeared in what movie? The Living Daylights
50%
What does Jaws use to kill? Metal teeth
47%
Where does dr. Julius No run his facility Crab Key
44%
Which actor played villain Hugo Drax? Michael Lonsdale
42%
How does this quote continue? That's a Smith&Wesson, and you've had your__? Six
42%
Who is the Bond girl in Diamonds are forever? Tiffany Case
42%
What organization does bond assume Grant works for? SMERSH
36%
Who did Renard turn bad in The world is not enough? Elektra King
33%
What iconic equipment does Q give bond in Goldeneye? Exploding pen
33%
What was Max Zorin's nationality? German
33%
What car was used in The spy who loved me? Lotus Esprit
33%
What prisoner was Bond traded for in Die another day? Zao
33%
With what hand does Bond beat Le Chiffre? Straight flush
28%
Who is Blofeld to Bond? Step-Brother
25%
Elliot carver was a british businessman who wanted to rule the_____? News industry
22%
Live and let die was based in what fictional island? San Monique
22%
In which movie does Bond not drive a car at all? Moonraker
19%
What was Franz Sanchez's profession in License To Kill? Drug smuggling
11%
What is the name of the silent henchman in For your eyes only? Emile Locque
11%
What nerve gas did Auric Goldfinger use? Delta-9
6%
What was the name on Stromberg's tanker? Liparus
6%
What model jet does SPECTRE steal in Thunderball? Avro Vulcan B
3%
No matching quizzes found
Score Distribution
Percent of People with Each Score
Percentile by Number Answered
Your Score History
You have not taken this quiz